| 000 | 00488nam a2200157Ia 4500 | ||
|---|---|---|---|
| 003 | IN-BaIIA | ||
| 008 | 211028s9999 xx 000 0 eng d | ||
| 040 | _cIIA Library | ||
| 080 |
_a058(100) _bSAC |
||
| 245 | 0 |
_acompetition success yearbook 1997 _cedited by S. K. Sachdeva |
|
| 260 |
_aNew Delhi _bCompetition Review _c1997 |
||
| 300 | _a844p. | ||
| 650 |
_aGeneral Knowledge, Yearbook. _921097 |
||
| 700 |
_aSachdeva, S. K., ed. _913328 |
||
| 942 | _cBK | ||
| 999 |
_c12109 _d12109 |
||